000 00730nas a2200229 i 4500
001 2622
003 ES-MaACL
005 20250709062524.0
007 t|
008 950801d18701872sp ar p 0 1 |spa d
022 _a2481-3494
080 _a7/8
245 0 0 _aAlmanaque de la Ilustración de Madrid :
_bescrito e ilustrado por los principales colaboradores de este periódico.
260 _aMadrid :
_b[s.n.],
_c[1870-1872?] (
_fImp. y Estereotipia de "El Imparcial")
300 _a64 p. :
_bil. ;
_c27 cm.
310 _aAnual
362 0 _a[1871]-
787 0 _tLa Ilustración de Madrid
852 4 _aES-MaACL
_jT-837-F-11
_z- Enc. en un vol. facticio, falto de cub. original
866 0 _o1871.
999 _c2622
_d2622